00774nam a2200241 a 450000500170000000800410001701000140005802000260007203500130009803700150011104000180012608200140014410000180015824500720017626000380024830000270028650000410031352000580035465000170041265000200042965000400044965000430048920080616100023.0070814s2007 ii 001 0 eng  aENG-91545 a9788178298511c270.00 aEN-75078 bDBAD / PUB adplbEnglish  a331.40954 aBasu, Sujoya  aGender stereotypes in corporate India:cby Sujoya Basuba glimpse / aNew Delhi bResponse Books c2008 axv, 219p.c18 cm (pbk) aIncludes bibliographical references  aContributed articles chiefly with reference to India. aWomenzIndia aSex rolezIndia aSex differences (Psychology)zIndia aStereotypes (Social psychology)zIndia